Five Biggest Islands By Continent - Statistics

General Stats
  • This quiz has been taken 69 times
  • The average score is 15 of 30
Answer Stats
Hint Answer % Correct
Africa Madagascar
96%
Europe Ireland
95%
Europe Great Britain
93%
Asia New Guinea
91%
Oceania New Guinea
91%
Asia Honshu
87%
Europe Iceland
85%
Oceania North Island
85%
North America Greenland
82%
Asia Borneo
80%
Oceania South Island
78%
North America Baffin Island
75%
Asia Sumatra
75%
Oceania Tasmania
62%
Africa Mauritius
58%
North America Ellesmere Island
56%
Asia Sulawesi
53%
North America Newfoundland
45%
North America Victoria Island
35%
South America Isla Grande de TDF
22%
Africa Zanzibar
20%
Europe Spitsbergen
13%
South America Marajó
11%
Oceania New Britain
5%
Europe Severny Island
4%
South America Bananal
2%
Africa Bioko Island
0%
South America Caviana
0%
Africa Morfil Island
0%
South America Tupinambarana
0%
No matching quizzes found
Score Distribution
Percent of People with Each Score
Percentile by Number Answered
Your Score History
You have not taken this quiz